Heaven and Earth: global warming, the missing science

Gespeichert in:
Bibliographische Detailangaben
1. Verfasser: Plimer, Ian (VerfasserIn)
Format: Buch
Sprache:Englisch
Veröffentlicht: Baltimore Taylor Trade Publishing 2009
Ausgabe:1a. ed
Schlagworte:
Tags: Tag hinzufügen
Keine Tags, Fügen Sie den ersten Tag hinzu!

MARC

LEADER 00000nam a2200000 a 4500
001 UCG4797
003 CL-VaPUC
008 101202e20090000US |||||||||||||||||eng|d
020 |a 9781589794726 
082 0 4 |a 551.5253  |b PLI  |2 21 
100 0 |a Plimer, Ian  |e author  |9 554259 
245 1 0 |a Heaven and Earth: global warming, the missing science 
250 |a 1a. ed 
300 |a 504 p 
942 |c BK 
945 |d 20101202 00:00:00  |a cmena 
260 |a Baltimore  |b Taylor Trade Publishing  |c 2009 
650 0 |a Calentamiento global  |9 262148 
650 7 |a TEMPERATURA  |2 CL-VaPUC  |9 554260 
650 0 |a Contaminación atmosférica  |9 262775 
650 0 |a Cambio climático  |9 428490 
650 7 |a SUPERFICIE TERRESTRE  |2 CL-VaPUC  |9 262301 
650 0 |a Medio ambiente  |9 257625 
583 |a last modification  |c 20101202 00:00:00  |k Rodrigo Vera 
999 |c 343431  |d 343429 
952 |0 0  |1 0  |4 0  |6 551_525300000000000_PLI_2009  |7 0  |8 A  |9 440732  |a BIBAGR  |b BIBAGR  |d 2019-11-22  |i 4741854  |l 2  |o 551.5253 PLI 2009  |p 4741854  |r 2025-04-25  |s 2025-04-25  |w 2019-11-22  |y BK  |k AGR